Регионална библиотека "Любен Каравелов" - Русе

Литература (Запис номер 116852)

MARC детайли
000 -Лидер
Контролно поле с фиксирана дължина nam a22 a 4500
003 - Код на организацията, давaща контролен номер
Контролно поле BLK
005 - Дата и час на последна редакция
Контролно поле 20221114163749.0
008 - Елементи от данни с фиксирана дължина
fixed length control field 180409b bul|||||r ||||||| ||bul||
010 ## - Наследен системен номер
LC control number KNG00122412000
040 ## - Източник на каталожния запис
Идентификатор на билиотеката - собственик на записа BLK
041 ## - Код за език
Код за езика на текст/звукозапис или на отделно заглавие Български
Код за езика КДБФ Български
080 ## - УДК
Текстов определител УДК Литература в основното училище. Методика на обучението
УДК код - определител по УДК 373.3.016:821
УДК - код + определител 373.3.016:821
100 1# - Редна дума - Автор
Автор Котова, Искра Стоянова
Авторска отговорност първи автор
R(LIN) 363742
139 ## - Редно поле
Редна дума Котова, Искра Стоянова и др.
Авторски знак Кот - К 87
245 10 - Сведения за заглавието
Заглавие Литература
Подзаглавни данни Ръководство за учителя на VI клас
Редно поле (дума) Искра Стоянова Котова; съавт. Стамена Вергилова Димова; съавт. Невена Димитрова Матеева; * Иван Маразов; * Светла Кръстева; * Румяна Георгиева.
257 ## - Страна на издаване
Страна на създаване/издаване България
260 ## - Област на издателските данни
Място на издаване, разпространение и проч. София
Име на издателя, разпространителя и проч. Нар. просв.
Година на издаване 1978
Печатница Кърджали : Родопи
300 ## - Физическа характеристика
Страници 184 с.
Размери/Мащаб 20 см
380 ## - Жанр
Жанр Обществени науки
500 ## - Общи забележки
Забележка С участието на Иван Маразов, Светла Кръстева, Румяна Георгиева.
504 ## - Забележка за наличие на библиография и др
Забележка за наличие на библиография и под. Библиогр. с. 180-181.
650 #4 - Допълнително описание по предмет – тема
Основно описание – тема или топоним Литература - методика на преподаването
9 (RLIN) 242854
653 ## - Ключова дума – ненормативна
Ключова дума литература
653 ## - Ключова дума – ненормативна
Ключова дума методика на преподаването
653 ## - Ключова дума – ненормативна
Ключова дума VІ кл.
700 1# - Други автори (авторска отговорност)
Лично име Димова, Стамена Вергилова
Автороска отговорност (Описва отношението между автора и произведението) съавт.
9 (RLIN) 376459
700 1# - Други автори (авторска отговорност)
Лично име Матеева, Невена Димитрова
Автороска отговорност (Описва отношението между автора и произведението) съавт.
9 (RLIN) 371194
700 1# - Други автори (авторска отговорност)
Лично име Маразов, Иван
Автороска отговорност (Описва отношението между автора и произведението) *
9 (RLIN) 366717
700 1# - Други автори (авторска отговорност)
Лично име Кръстева, Светла
Автороска отговорност (Описва отношението между автора и произведението) *
9 (RLIN) 376344
700 1# - Други автори (авторска отговорност)
Лично име Георгиева, Румяна
Автороска отговорност (Описва отношението между автора и произведението) *
9 (RLIN) 376460
852 ## - Местоположение
Форматна сигнатура Цб 94303
Фондова буква Хранилище
856 4# - Електронен адрес и достъп
Електронен формат pdf - файл
Инструкция (цена за достъп) 0.00
Права за достъп disable
999 ## - СИСТЕМНИ КОНТРОЛНИ НОМЕРА
Koha biblionumber 116852
Koha biblioitemnumber 116852
942 ## - АРТИКУЛИ
Вид на библиотечния материал Книги
Скрит в OPAC Не
Периодичен библиозапис Да
944 ## - СЪЗДАВАНЕ И РЕДАКЦИЯ на ЗАПИСА
Създаване/Редакция Създаване
Дата на регистрацията/редакция 26.03.2011
Статус, дата на статуса добави в АБ / 25.03.2011
Служител, извършил регистрацията/редакцията Геновева_Генчева
944 ## - СЪЗДАВАНЕ И РЕДАКЦИЯ на ЗАПИСА
Създаване/Редакция Редакция
Дата на регистрацията/редакция 26.03.2011
Статус, дата на статуса добави в АБ / 25.03.2011
Наличности
Код за отписване Код за изгубен артикул Източник на класификационната схема Код за повреда Коз за рестрикции Код за отдаване Артикулен № Име на библиотеката - собственик Име на библиотеката, в която се намира в момента Статус (Текущо местоположение) Дата на вписване в системата Местоположение - отдел Цена в лева Инвентарен номер Систематично азбучна сигнатура Баркод Номер на екземпляра Цена в евро Служебна бележка Служебен тип на артикула
  Не е изгубен Universal Decimal Classification Не е повреден само за читалня ползва се в читалня 188339 Регионална библиотека "Любен Каравелов" Русе Регионална библиотека "Любен Каравелов" Русе Хранилище 1978-01-01 Хранилище 0.64 265942 Цб 94303 120000265942 1 0.33 Дост: Dp Вид: СФ Дата: 01.01.1978 Книги
Изтеглен Не е изгубен Universal Decimal Classification Не е повреден без рестрикции заемане за дома 188340 Регионална библиотека "Любен Каравелов" Русе Регионална библиотека "Любен Каравелов" Русе Заемна - подръчен фонд 1978-01-01 Заемна - подръчен фонд 0.64 286674 П 372.88/К 87 286674 2 0.33 Вид: Сф Дата: 01.01.1978 Книги
Изтеглен Не е изгубен Universal Decimal Classification Не е повреден без рестрикции заемане за дома 188341 Регионална библиотека "Любен Каравелов" Русе Регионална библиотека "Любен Каравелов" Русе Отдел Изкуство - подръчен фонд 1978-01-01 Отдел Изкуство - подръчен фонд 0.00 286675 ИП 37/К 87 286675 3 0.00 Вид: Сф Дата: 01.01.1978 Дата инв: 05.06.2012 Бележки инв: * Книги
Vip Innovations Ltd, Rousse, Bulgaria 2025